Welcome to CU Library Online Public Access Catalogue (OPAC)

Business communication for the computer age / (Record no. 4581)

MARC details
000 -LEADER
fixed length control field 00702cam a2200217 a 4500
001 - CONTROL NUMBER
control field 3369922
005 - DATE AND TIME OF LATEST TRANSACTION
control field 20250308110317.0
008 - FIXED-LENGTH DATA ELEMENTS--GENERAL INFORMATION
fixed length control field 870112s1988 ohuaf b 001 0 eng
020 ## - INTERNATIONAL STANDARD BOOK NUMBER
International Standard Book Number 0538055502
050 00 - LIBRARY OF CONGRESS CALL NUMBER
Classification number HF5718
Item number .R33 1988
082 00 - DEWEY DECIMAL CLASSIFICATION NUMBER
Classification number 651.8
Edition information 19
100 1# - MAIN ENTRY--PERSONAL NAME
Personal name Rader, M. H.
Fuller form of name (Martha H.)
245 10 - TITLE STATEMENT
Title Business communication for the computer age /
Statement of responsibility, etc. M.H. Rader, Linda A. Kurth.
260 ## - PUBLICATION, DISTRIBUTION, ETC.
Place of publication, distribution, etc. Cincinnati :
Name of publisher, distributor, etc. South-Western Pub. Co.,
Date of publication, distribution, etc. c1988.
300 ## - PHYSICAL DESCRIPTION
Extent ix, 579 p., [16] p. of plates :
Other physical details ill. (some col.) ;
Dimensions 24 cm.
650 #0 - SUBJECT ADDED ENTRY--TOPICAL TERM
Topical term or geographic name entry element Communication in management.
650 #0 - SUBJECT ADDED ENTRY--TOPICAL TERM
Topical term or geographic name entry element Business report writing.
650 #0 - SUBJECT ADDED ENTRY--TOPICAL TERM
Topical term or geographic name entry element Business
General subdivision Data processing.
700 1# - ADDED ENTRY--PERSONAL NAME
Personal name Kurth, Linda A.
942 ## - ADDED ENTRY ELEMENTS (KOHA)
Source of classification or shelving scheme Library of Congress Classification
Koha item type Books
Suppress in OPAC No
999 ## -
-- 4581
-- 4581
Holdings
Withdrawn status Lost status Source of classification or shelving scheme Damaged status Not for loan Collection Home library Current library Shelving location Date acquired Total checkouts Full call number Barcode Date last seen Copy number Price effective from Koha item type
    Library of Congress Classification     Non-fiction Business Library (Miotso) Business Library (Miotso) General stacks 03/08/2025   HF5718 .R33 1988 BSSM00001227 03/08/2025 1 03/08/2025 Books
© 2023-2024 Copyright: Central University Libraries. All Rights Reserved | Created by: Mahone Tech Office